000 00347nam a2200133Ia 4500
005 20260326235502.0
008 260326s9999||||xx |||||||||||||| ||und||
100 _aASOCRETO
245 0 _aArquitectura Colombiana en concreto :
_b Obras maestras /
_cASOCRETO
260 _bASOCRETO
300 _a76 p.
650 _aARQUITECTURA REGIONAL
942 _cBK
999 _c8093
_d8093